Loading...
| Science - Chemistry | 1 | 4 | 1 | 0 | 50 | 44 | 73.60 | 1 | 5 | 20.42 | 40.00 |
| Science - Physics | 2 | 2 | 1 | 0 | 45 | 56 | 87.75 | 2 | 4 | 13.31 | 30.00 |
| Social Science | 2 | 1 | 0 | 0 | 40 | 54 | 60.33 | 2 | 3 | 9.42 | 17.19 |
| Science - Other | 0 | 4 | 1 | 0 | 35 | 67 | 89.75 | 0 | 4 | 12.00 | 25.00 |
| Beliefs | 0 | 2 | 0 | 1 | 20 | 142 | 145.50 | 0 | 2 | 0.15 | 5.36 |
| Literature - European | 1 | 0 | 0 | 0 | 15 | 50 | 50.00 | 0 | 1 | 6.00 | 5.00 |
| History - European | 0 | 1 | 0 | 0 | 10 | 66 | 66.00 | 1 | 1 | 4.63 | 5.00 |
| History - Ancient | 0 | 1 | 0 | 0 | 10 | 116 | 116.00 | 0 | 1 | 1.73 | 15.00 |
| Visual Arts | 0 | 1 | 0 | 0 | 10 | 132 | 132.00 | 0 | 0 | 0.70 | 2.50 |
| Science - Biology | 0 | 2 | 3 | 1 | 5 | 101 | 111.00 | 0 | 2 | 2.08 | 12.50 |